000 01148nam0a22002771 4500
001 rc\3668476
005 20130115150925.5
021 _aRU
_b[74-51373]
035 _a(NLR Aleph) 007840653
090 _a9802502
_c9802502
100 _a20130115d1974 |||y0rusy50 ca
101 0 _arus
102 _aRU
105 _ay z |||||
200 1 _aНародонаселение Бессарабской области и левобережных районов Приднестровья. (Конец XVIII - первая половина XIX века)
_fПод ред. канд. ист. наук В.С. Зеленчука
_gАН МССР. Отд. этнографии и искусствоведения
210 _aКишинев
_cШтиинца
_d1974
215 _a158 с.
_d21
320 _aСписок лит.: с. 156-157
606 _aНаселение
_yМолдавия
_z18-19 вв.
_2psbo
700 1 _aКабузан
_bВ. М.
_f1932-
_gВладимир Максимович
702 1 _aЗеленчук
_bВ. С.
_4340
801 0 _aRU
_bNLR
_gpsbo
801 1 _aRU
_bELAR
_2rusmarc
852 _aNLR
_j74-5/1237
942 _cBOOK
980 _aNB